| 000 | 00786nam a22001817a 4500 | ||
|---|---|---|---|
| 999 |
_c371253 _d371253 |
||
| 008 | 201127b ||||| |||| 00| 0 eng d | ||
| 040 |
_aDE-2950 _bger _cDE-2950 _erda |
||
| 041 | _ager | ||
| 245 |
_aKritik an Albanisch-Übersetzungen. _bDrogen: Vor dem Landgericht ging der Fratelli-Prozess weiter. warum die Verteidigung von Rame H. und den anderen Angeklagten mit den Übersetzungen der Encrochat-Nachrichten nicht einverstanden ist / _cLisa Mahlke |
||
| 264 | _c2021 | ||
| 653 | _aFrankfurt (Oder) | ||
| 653 | _aDrogenkriminalität | ||
| 773 |
_dFrankfurt (Oder) Märkisches Verlags- und Druckhaus GmbH & Co KG _tMärkische Oderzeitung _g32. Jahrgang (2021) Nr. 296 vom 18./19.12.2021, S. 19 |
||
| 942 | _cA | ||